000 00517nam a2200217Ia 4500
003 OSt
005 20250708111151.0
008 210210b2005 xxu||||| |||| 00| 0 eng d
020 _a81 219 0460 9
040 _cAL
041 _aeng
082 _a581.028 PANM
100 _aPandey B P
_9211255
245 _aModern practical botany Vol 1
260 _aND
_bS. Chand & Co. Ltd.
_c2005
300 _a382
440 _aVol 1
_9211256
690 _aPractical Botany
_9211261
906 _a060277
942 _2ddc
_cBK
999 _c107018
_d107018